Marcatori dell'Inter in UEFA Champions League 2010-2011 - Statistics

Statistiche generali
  • Questo quiz è stato fatto 20 volte
  • Il punteggio medio è 17 su 18
Statistiche sulle risposte
Partita Minuto Marcatore % Corretto
Inter - Schalke 04 2-5 34 Diego Milito
100%
Inter - Twente 1-0 55 Esteban Cambiasso
100%
Twente - Inter 2-2 41 Samuel Eto'o
100%
Inter - Werder Brema 4-0 21 Samuel Eto'o
100%
Inter - Werder Brema 4-0 27 Samuel Eto'o
100%
Inter - Werder Brema 4-0 81 Samuel Eto'o
100%
Inter - Tottenham 4-3 11 Samuel Eto'o
100%
Inter - Tottenham 4-3 14 Samuel Eto'o
100%
Tottenham - Inter 1-0 80 Samuel Eto'o
100%
Bayern Monaco - Inter 2-3 4 Samuel Eto'o
100%
Inter - Tottenham 4-3 2 Javier Zanetti
95%
Inter - Tottenham 4-3 14 Dejan Stanković
89%
Inter - Schalke 04 2-5 1 Dejan Stanković
89%
Bayern Monaco - Inter 2-3 88 Goran Pandev
89%
Twente - Inter 2-2 13 Wesley Sneijder
89%
Inter - Werder Brema 4-0 34 Wesley Sneijder
89%
Bayern Monaco - Inter 2-3 63 Wesley Sneijder
89%
Schalke 04 -Inter 2-1 49 Thiago Motta
63%
Nessun quiz corrispondente trovato
Distribuzione punteggi
Percentuale di utenti per punteggio
Percentile per numero di risposta
I tuoi punteggi nel tempo
Non hai fatto questo quiz